Curso teórico-práctico de latinidad

Gespeichert in:
Bibliographische Detailangaben
1. Verfasser: Silva Arratia, Arturo (VerfasserIn)
Format: Buch
Sprache:Spanisch
Latein
Veröffentlicht: Santiago Imprenta Chile 1922
Ausgabe:3a. ed
Schlagworte:
Tags: Tag hinzufügen
Keine Tags, Fügen Sie den ersten Tag hinzu!

MARC

LEADER 00000cam a2200000 a 4500
001 UCE4913
003 CL-VaPUC
008 141120e19220000cl |||||||||||||||||spa|d
041 0 7 |a spa  |2 CL-VaPUC 
041 0 7 |a lat  |2 CL-VaPUC 
082 0 4 |a 470  |b SIL  |2 21 
100 0 |a Silva Arratia, Arturo  |e author  |9 577383 
245 1 0 |a Curso teórico-práctico de latinidad 
250 |a 3a. ed 
300 |a 225 p 
942 |c BK 
945 |d 20141120 11:52:00  |a dcastane 
260 |a Santiago  |b Imprenta Chile  |c 1922 
650 0 |a Latín   |9 269544 
650 0 |a Lenguaje y lenguas  |9 265846 
583 |a last modification  |c 20150407 01:01:13  |k Rodrigo Vera 
999 |c 357769  |d 357767 
952 |0 0  |1 0  |3 erd  |4 0  |6 470_000000000000000_SIL_1922  |7 0  |8 X  |9 465828  |a FDOBUD  |b FDOBUD  |i 5107512  |o 470 SIL 1922  |p 5107512  |r 2019-11-23  |w 2019-11-23  |y BK_X  |z Catalogado en:20141120  |k BUD